The Europa world of learning 2012 (Record no. 68839)

MARC details
000 -LEADER
fixed length control field 01132nam a22002537a 4500
005 - DATE AND TIME OF LATEST TRANSACTION
control field 2012080109279.0
010 ## - LCCN (DPL NO)
LC control number B-475602-603
020 ## - INTERNATIONAL STANDARD BOOK NUMBER
International Standard Book Number 9781857436211 (v.1)
020 ## - INTERNATIONAL STANDARD BOOK NUMBER
International Standard Book Number 9781857436228 (v.2)
020 ## - INTERNATIONAL STANDARD BOOK NUMBER
International Standard Book Number 9781857436204 (set)
Terms of availability BP 610 Rs. 50,325.00
035 ## - SYSTEM CONTROL NUMBER
System control number B-475602-603
037 ## - SOURCE OF ACQUISITION
Stock number dpl
Source of stock number/acquisition RBC/Ven
082 ## - DEWEY DECIMAL CLASSIFICATION NUMBER
Classification number 060
245 ## - TITLE STATEMENT
Title The Europa world of learning 2012
250 ## - EDITION STATEMENT
Edition statement 62nd ed.
260 ## - PUBLICATION, DISTRIBUTION, ETC. (IMPRINT)
Place of publication, distribution, etc London
Name of publisher, distributor, etc Routledge
Date of publication, distribution, etc 2011
300 ## - PHYSICAL DESCRIPTION
Extent 2v. (xiii, 1464p.; xi, 1465-2996p.)
Dimensions 28 cm. (Hb)
500 ## - GENERAL NOTE
General note It includes index
505 ## - FORMATTED CONTENTS NOTE
Formatted contents note v.1-- International organizations; Countries : Afghanistan - Myanmar. v.2-- Countries : Nambia - Zimbabwe.
942 ## - ADDED ENTRY ELEMENTS (KOHA)
Source of classification or shelving scheme Dewey Decimal Classification
Item type English Books
Classification part 060
Call number suffix EUR
Holdings
Withdrawn status Lost status Materials specified (bound volume or other part) Not for loan Collection code Home library Current library Date acquired Source of acquisition Cost, normal purchase price Full call number Barcode Copy number Cost, replacement price Koha item type
    V.I Not For Loan Reference Central Library Central Library 06/08/2012 RBC/28330/23.03.2012/7/22.02.2012/30.3.2012 50.00 060 EUR B-475602 1 50.00 English Books
    V.II Not For Loan Reference Central Library Central Library 06/08/2012 RBC/28330/23.03.2012/7/22.02.2012/30.3.2012 50.00 060 EUR B-475603 1 50.00 English Books

© Delhi Public Library
Hit Counter
free hit counter